| 000 | 00597nam a22002297a 4500 | ||
|---|---|---|---|
| 001 | BD-DhSAU 2707 | ||
| 003 | BD-DhSAU | ||
| 005 | 20150202110343.0 | ||
| 008 | 150202s1975 ii a||||r|||| 001 0 eng d | ||
| 040 | _aBD-DhSAU | ||
| 082 |
_222 _a574.192 _bLEB |
||
| 100 | _aLehninger, Albert L. | ||
| 245 |
_aBiochemistry / _cAlbert L Lehninger |
||
| 250 | _a2nd | ||
| 260 |
_aNew Delhi : _bKa, Yani Pub. , _c1975 |
||
| 300 |
_axxiii, 1104 p. : _bill. ; _c28 cm. |
||
| 504 | _aIncludes index. | ||
| 590 | _aerfat | ||
| 650 | _aBiochemistry. | ||
| 650 | _aBiochimie. | ||
| 650 | _aBioquimica. | ||
| 942 |
_2ddc _cBOOK |
||
| 999 |
_c2707 _d2707 |
||